000 00619cam a22002172 4500
001 0000002397
005 20151021151057.0
008 070410s xx 000 0 eng d
020 _a082645383X :
_cKES 1,637
040 _aKABU
_cKABU
050 0 _aHF5667
_b.M55 1996
100 1 _aMillichamp, A. H.
_@0000151751
245 1 0 _aAuditing /
_cA. H. Millichamp.
250 _a7th ed.
260 _aLondon :
_aNew York :
_bContinuum,
_c1996.
300 _avii, 566 p. ;
_c25 cm.
650 0 _aAuditing.
_@0000151729
908 _a070410
950 _@1
999 _c421
_d421